[Event "European Blitz 2016"]
[Site "Tallinn EST"]
[Date "2016.12.17"]
[Round "12.8"]
[White "Naiditsch, Arkadij"]
[Black "Rakhmanov, Aleksandr"]
[Result "1/2-1/2"]
[WhiteTitle "GM"]
[BlackTitle "GM"]
[WhiteElo "2687"]
[BlackElo "2667"]
[WhiteFideId "4650891"]
[BlackFideId "4173708"]
[EventDate "2016.12.17"]

1. e4 c5 2. Nf3 Nf6 3. Nc3 d5 4. exd5 Nxd5 5. Bb5+ Bd7 6. a4 Nxc3 7. dxc3 a6 8.
Bc4 e6 9. Ne5 Nc6 10. Nxd7 Qxd7 11. Qxd7+ Kxd7 12. Bf4 Rd8 13. O-O-O+ Kc8 14.
Rxd8+ Kxd8 15. Be2 Kc8 16. Bf3 Ne7 17. h4 h5 18. g3 Ng6 19. Be3 Ne5 20. Be2 Ng4
21. Bxg4 hxg4 22. Rd1 Be7 23. c4 Rd8 24. Re1 Kd7 25. c3 a5 26. Kc2 b6 27. b4 Ra8
28. Rd1+ Kc6 29. b5+ Kc7 30. Bf4+ Kc8 31. Be5 f6 32. Bd6 Ra7 33. Bxe7 Rxe7 34.
Rd6 Kc7 35. Rc6+ Kb7 36. Kd3 e5 37. Ke4 Rd7 38. Re6 Kc7 39. h5 Rd2 40. Ke3 Rd1
41. Re7+ Rd7 42. Re8 Rd8 43. Rxd8 Kxd8 44. Ke4 Ke7 45. Kf5 Kf7 46. Kxg4 g6 47.
hxg6+ Kxg6 48. Kf3 f5 49. Ke3 Kg5 50. f3 Kf6 51. g4 Kg5 52. gxf5 Kxf5 53. Ke2
Kf4 54. Kf2 e4 55. fxe4 Kxe4 56. Ke2 Kf4 57. Kf2 Ke4 58. Ke2 Ke5 1/2-1/2

[Event "European Blitz 2016"]
[Site "Tallinn EST"]
[Date "2016.12.17"]
[Round "12.9"]
[White "Plat, Vojtech"]
[Black "Zorko, Jure"]
[Result "1-0"]
[WhiteTitle "IM"]
[BlackTitle "IM"]
[WhiteElo "2532"]
[BlackElo "2454"]
[WhiteFideId "325740"]
[BlackFideId "14604051"]
[EventDate "2016.12.17"]

1. e4 e5 2. Nf3 Nc6 3. Bb5 Nf6 4. O-O Nxe4 5. d4 Nd6 6. dxe5 Nxb5 7. a4 d6 8.
axb5 Nxe5 9. Re1 Be7 10. Nxe5 dxe5 11. Qxd8+ Bxd8 12. Rxe5+ Be6 13. Nc3 Bf6 14.
Re1 Bxc3 15. bxc3 O-O 16. Bf4 c6 17. bxc6 bxc6 18. Ra6 Bd5 19. Rea1 Rfe8 20. Be3
Re7 21. h3 h6 22. R1a4 Be4 23. Ra3 Bxc2 24. Rxc6 a5 25. c4 a4 26. Rb6 Rc8 27. c5
Bb3 28. Ra1 Re6 29. Kh2 Kh7 30. Kg3 g5 31. h4 Kg6 32. hxg5 hxg5 33. Kf3 Rcc6 34.
Ke2 f5 35. Kd2 f4 36. Bd4 Kf5 37. f3 Rh6 38. Kc3 g4 39. Kb4 gxf3 40. gxf3 Bd5
41. Ra3 Rh3 42. Kb5 Bxf3 43. Rxa4 Rc8 44. c6 Bxc6+ 45. Rxc6 Rb3+ 46. Kc4 Rxc6+
47. Kxb3 Re6 48. Kc3 Kg4 49. Kd3 Kg3 50. Ra8 Rg6 51. Ke4 f3 52. Rf8 Rg4+ 53. Kd3
Kg2 54. Be3 Rg6 55. Bd4 Rg4 56. Be3 Rg6 57. Rf5 Rg8 58. Bd4 Rg4 59. Bc5 Rg6 60.
Ke3 Re6+ 61. Kd3 Rg6 62. Rf8 Rg4 63. Be3 Rg6 64. Bd4 Rg4 65. Be3 Rg6 66. Rf5 Rg4
67. Bc5 Rg6 68. Kd2 Rg4 69. Ke3 Rg6 70. Bd4 Re6+ 71. Kd3 Rg6 72. Bc5 Rg8 73. Rf7
Rg5 74. Be3 Rg4 75. Ra7 Rg8 76. Ra2+ Kg3 77. Bd4 Re8 78. Bf2+ Kg2 79. Bc5+ Kg3
80. Bd6+ Kg4 81. Ra4+ Kh3 82. Rf4 Kg2 83. Rg4+ Kf1 84. Bc5 Rd8+ 85. Ke3 f2 86.
Kf3 Rd3+ 87. Ke4 Rc3 88. Bd4 Rb3 89. Rf4 Ke1 90. Bxf2+ Ke2 91. Bd4 Rb5 92. Rf2+
Ke1 93. Rh2 Rb3 94. Be3 Kd1 95. Rd2+ Ke1 96. Rd8 Rb2 97. Kf3 Rh2 98. Bf4 Rh3+
99. Bg3+ Kf1 100. Rd1# 1-0

[Event "European Blitz 2016"]
[Site "Tallinn EST"]
[Date "2016.12.17"]
[Round "12.10"]
[White "Motylev, Alexander"]
[Black "Ponomariov, Ruslan"]
[Result "0-1"]
[WhiteTitle "GM"]
[BlackTitle "GM"]
[WhiteElo "2663"]
[BlackElo "2709"]
[WhiteFideId "4121830"]
[BlackFideId "14103320"]
[EventDate "2016.12.17"]

1. e4 c5 2. Nf3 e6 3. d4 cxd4 4. Nxd4 Nc6 5. Nc3 d6 6. Be3 Nf6 7. f4 Bd7 8. Qf3
Nxd4 9. Bxd4 Qa5 10. Bc4 Bc6 11. Bxf6 gxf6 12. Bb3 f5 13. O-O-O Bg7 14. Rxd6
Bxc3 15. bxc3 Qa3+ 0-1

[Event "European Blitz 2016"]
[Site "Tallinn EST"]
[Date "2016.12.17"]
[Round "12.11"]
[White "Piorun, Kacper"]
[Black "Vitiugov, Nikita"]
[Result "0-1"]
[WhiteTitle "GM"]
[BlackTitle "GM"]
[WhiteElo "2657"]
[BlackElo "2726"]
[WhiteFideId "1130420"]
[BlackFideId "4152956"]
[EventDate "2016.12.17"]

1. Nf3 d5 2. c4 c6 3. b3 Bg4 4. e3 e6 5. Bb2 Nf6 6. Be2 Nbd7 7. O-O Bd6 8. Nc3
O-O 9. h3 Bh5 10. Rc1 Qe7 11. Nd4 Bxe2 12. Qxe2 a6 13. cxd5 cxd5 14. f4 Ba3 15.
Bxa3 Qxa3 16. Nc2 Qd6 17. Nd4 Rac8 18. Rc2 Rc5 19. Rfc1 Rfc8 20. Qd1 g6 21. Nce2
b6 22. d3 e5 23. Nf3 exf4 24. Nxf4 Qe7 25. Kf2 Re8 26. Qd2 h6 27. b4 Rxc2 28.
Rxc2 g5 29. Ne2 g4 30. Nfd4 gxh3 31. gxh3 Nh5 32. Nf5 Qf6 33. Nd4 Ng7 34. Rc6
Re6 35. Rc8+ Kh7 36. e4 dxe4 37. Nxe6 Qxf5+ 38. Nf4 Nf6 39. Rc4 Ne6 40. dxe4
Nxe4+ 41. Rxe4 Qxe4 42. Nxe6 fxe6 43. Qd7+ Kg6 44. Qe8+ Kg5 45. Qd8+ Kf4 46.
Qxb6 Qf3+ 47. Ke1 Qe3+ 48. Qxe3+ Kxe3 49. a4 Kd4 50. Kd2 Kc4 51. b5 axb5 52.
axb5 Kxb5 53. Kd3 Kc5 54. Ke4 Kd6 55. Kd4 e5+ 56. Ke4 Ke6 57. Ke3 Kf5 58. Kf3 h5
59. Ke3 e4 60. h4 Ke5 61. Ke2 Kf4 62. Kf2 Kg4 0-1

[Event "European Blitz 2016"]
[Site "Tallinn EST"]
[Date "2016.12.17"]
[Round "12.12"]
[White "Kulaots, Kaido"]
[Black "Riazantsev, Alexander"]
[Result "1/2-1/2"]
[WhiteTitle "GM"]
[BlackTitle "GM"]
[WhiteElo "2556"]
[BlackElo "2671"]
[WhiteFideId "4500261"]
[BlackFideId "4125029"]
[EventDate "2016.12.17"]

1. e4 c6 2. Nc3 d5 3. Nf3 Bg4 4. h3 Bxf3 5. Qxf3 e6 6. d4 Nf6 7. Bd3 dxe4 8.
Nxe4 Nxe4 9. Qxe4 Nd7 10. c3 Nf6 11. Qe2 Bd6 12. O-O O-O 13. Bd2 Qc7 14. Qf3
Rfe8 15. Rad1 Nd5 16. c4 Nf6 17. Rfe1 Rad8 18. Bc3 h6 19. a3 a6 20. g3 Be7 21.
Re2 Rd7 22. Bc2 Red8 23. Ree1 b5 24. b3 bxc4 25. bxc4 c5 26. d5 exd5 27. Bf5 Rd6
28. Be5 d4 29. Bd3 Qd7 30. Bxd6 Bxd6 31. Rb1 Qxh3 32. Rb6 Qc8 33. Reb1 Ng4 34.
Rxd6 Rxd6 35. Bf5 Ne5 36. Qe4 Qe8 37. Qxe5 Qd8 38. Bd3 g6 39. Rb7 Re6 40. Rb8
Rxe5 41. Rxd8+ Kg7 42. Rd5 Re1+ 43. Kg2 Rd1 44. Be4 Re1 45. Bf3 Ra1 46. Rxc5
Rxa3 47. Rd5 d3 48. Be4 Rc3 49. Bxd3 a5 50. Kf1 a4 51. Ke2 a3 52. Ra5 Rb3 53.
Kd2 Kf6 54. Kc2 Rb2+ 55. Kc3 Rxf2 56. c5 Ke5 57. Kc4 a2 58. Kb5 Kd4 59. Ra3 Rb2+
60. Kc6 a1=Q 61. Rxa1 Kxd3 62. Kd7 Ke4 63. c6 Rd2+ 64. Ke7 Rc2 65. Kd7 Rd2+ 66.
Ke7 Rc2 67. Kd7 Rd2+ 68. Ke7 Ke5 1/2-1/2

[Event "European Blitz 2016"]
[Site "Tallinn EST"]
[Date "2016.12.17"]
[Round "12.13"]
[White "Bartel, Mateusz"]
[Black "Kovalenko, Igor"]
[Result "0-1"]
[WhiteTitle "GM"]
[BlackTitle "GM"]
[WhiteElo "2641"]
[BlackElo "2684"]
[WhiteFideId "1112635"]
[BlackFideId "14117908"]
[EventDate "2016.12.17"]

1. e4 e6 2. d4 d5 3. Nc3 Bb4 4. e5 c5 5. a3 Bxc3+ 6. bxc3 Qa5 7. Bd2 Qa4 8. h4
cxd4 9. cxd4 Nc6 10. h5 Nxd4 11. Bd3 Ne7 12. h6 gxh6 13. Nf3 Bd7 14. Rb1 Rc8 15.
Nxd4 Qxd4 16. O-O Qxe5 17. Rxb7 Bc6 18. Rxa7 Rg8 19. Bb4 Rc7 20. Rxc7 Qxc7 21.
Qf3 d4 22. Be4 Bxe4 23. Qxe4 Qc6 24. Re1 Qxe4 25. Rxe4 Nc6 26. c3 dxc3 27. Bxc3
Kd7 28. Bd2 Rg6 29. Rh4 Ne5 30. Kf1 Kc6 31. Rxh6 Nc4 32. Rxg6 hxg6 33. Bc1 Kb5
34. Ke2 e5 35. g4 f5 36. gxf5 gxf5 37. Kd3 Kc5 38. Kc3 f4 39. a4 f3 40. Kd3 Kd5
41. Kc2 e4 42. Kd1 Kc5 43. Bd2 Nb2+ 44. Kc2 Nxa4 45. Kb3 Kb5 46. Be3 Nc5+ 47.
Kc3 Ne6 48. Kb3 Ng7 49. Kc3 Nf5 50. Kd2 Kc4 51. Bf4 Kd5 52. Bg5 Ke5 53. Bd8 Kf4
54. Bc7+ Kg4 55. Ke1 Nd4 56. Bb6 Ne2 57. Bc7 Kh3 58. Kd2 Kg4 59. Ke3 Kf5 60. Ba5
Nf4 61. Bd8 0-1

[Event "European Blitz 2016"]
[Site "Tallinn EST"]
[Date "2016.12.17"]
[Round "12.14"]
[White "Potkin, Vladimir"]
[Black "Wojtaszek, Radoslaw"]
[Result "1-0"]
[WhiteTitle "GM"]
[BlackTitle "GM"]
[WhiteElo "2597"]
[BlackElo "2749"]
[WhiteFideId "4131061"]
[BlackFideId "1118358"]
[EventDate "2016.12.17"]

1. c4 e6 2. Nc3 d5 3. d4 Bb4 4. e3 Nf6 5. a3 Bxc3+ 6. bxc3 c6 7. Nf3 b6 8. a4
Ba6 9. Ba3 Bxc4 10. Bxc4 dxc4 11. Ne5 c5 12. dxc5 Qd5 13. Qxd5 exd5 14. c6 Na6
15. O-O Nc5 16. Bxc5 bxc5 17. Rfb1 Ke7 18. Rb7+ Ke6 19. f4 Ne4 20. Nxf7 Nxc3 21.
Nxh8 Rxh8 22. Rxa7 Kd6 23. a5 Kxc6 24. a6 d4 25. exd4 cxd4 26. Rxg7 d3 27. a7 d2
28. Rxh7 Ra8 29. Kf2 d1=Q 30. Rxd1 Nxd1+ 31. Kf3 c3 32. Ke2 Nb2 33. Rh3 Na4 34.
Rh7 Kb6 35. Kd3 Rd8+ 36. Kc2 Rd2+ 37. Kb3 Rb2+ 38. Kxa4 c2 39. a8=Q Ra2+ 40. Kb3
c1=N+ 41. Kc4 Rxa8 42. f5 Kc6 43. Kd4 Rf8 44. g4 Kd6 45. h4 Ne2+ 46. Ke4 Nc3+
47. Kf4 Nd5+ 48. Kf3 Ne7 49. Rh6+ Kd7 50. Kf4 Nd5+ 51. Ke5 Ne3 52. Rh7+ Ke8 53.
Rg7 Rh8 54. h5 Nxg4+ 55. Rxg4 Rxh5 56. Ke6 Kf8 57. Ra4 Rh1 58. Ra8+ Kg7 59. f6+
Kg6 60. Rg8+ Kh7 61. f7 1-0

[Event "European Blitz 2016"]
[Site "Tallinn EST"]
[Date "2016.12.17"]
[Round "12.15"]
[White "Saric, Ivan"]
[Black "Jussupow, Artur"]
[Result "1-0"]
[WhiteTitle "GM"]
[BlackTitle "GM"]
[WhiteElo "2652"]
[BlackElo "2585"]
[WhiteFideId "14508150"]
[BlackFideId "4618777"]
[EventDate "2016.12.17"]

1. e4 e6 2. d4 d5 3. Nc3 Bb4 4. e5 b6 5. a3 Bf8 6. h4 Ne7 7. h5 h6 8. Nf3 Nbc6
9. Bf4 Qd7 10. Qd2 Bb7 11. g3 O-O-O 12. b4 Kb8 13. Bh3 Rc8 14. Ne2 Ba6 15. a4
Bc4 16. c3 g5 17. hxg6 fxg6 18. a5 g5 19. Be3 Nf5 20. Bxf5 exf5 21. Bxg5 Bxb4
22. axb6 cxb6 23. Bf4 Qe7 24. cxb4 Nxb4 25. e6+ Ka8 26. O-O Nd3 27. Ne5 Nxe5 28.
Bxe5 Qxe6 29. Nf4 Qd7 30. Rfb1 Rc6 31. Bxh8 1-0

[Event "European Blitz 2016"]
[Site "Tallinn EST"]
[Date "2016.12.17"]
[Round "12.16"]
[White "Sychev, Klementy"]
[Black "Alekseev, Evgeny"]
[Result "0-1"]
[WhiteTitle "IM"]
[BlackTitle "GM"]
[WhiteElo "2453"]
[BlackElo "2632"]
[WhiteFideId "4114060"]
[BlackFideId "4138147"]
[EventDate "2016.12.17"]

1. e4 e6 2. d4 d5 3. Nc3 Nf6 4. e5 Nfd7 5. f4 c5 6. Nf3 Nc6 7. Be3 a6 8. Qd2 b5
9. dxc5 Bxc5 10. Bd3 Qb6 11. Bf2 Bxf2+ 12. Qxf2 Qxf2+ 13. Kxf2 Bb7 14. a3 Ke7
15. Ne2 f6 16. exf6+ gxf6 17. Rhe1 Kd6 18. Rad1 Rae8 19. Kg1 Kc7 20. c3 Nc5 21.
Ned4 Nxd4 22. Nxd4 e5 23. fxe5 fxe5 24. Nc2 Na4 25. Rb1 h6 26. Ne3 Rhg8 27. Nf5
h5 28. Re2 Rg5 29. Rbe1 e4 30. Nd4 Kb6 31. Bc2 Nxb2 32. Rf1 Re7 33. Bxe4 dxe4
34. Rxb2 e3 35. Re2 Bd5 36. Rfe1 Ka5 37. g3 Ka4 38. Rxe3 Rxe3 39. Rxe3 Rg6 40.
Re5 Bc4 41. Rxh5 Kxa3 42. Re5 Kb2 43. Re3 a5 44. Re5 Rb6 45. h4 a4 46. Nf3 a3
47. Nd2 a2 48. Nxc4+ bxc4 49. Re2+ Ka3 0-1

[Event "European Blitz 2016"]
[Site "Tallinn EST"]
[Date "2016.12.17"]
[Round "12.17"]
[White "Meskovs, Nikita"]
[Black "Movsesian, Sergei"]
[Result "1/2-1/2"]
[WhiteTitle "IM"]
[BlackTitle "GM"]
[WhiteElo "2489"]
[BlackElo "2673"]
[WhiteFideId "11602740"]
[BlackFideId "310204"]
[EventDate "2016.12.17"]

1. d4 Nf6 2. c4 e6 3. Nf3 d5 4. Nc3 Bb4 5. e3 O-O 6. Bd3 c5 7. O-O cxd4 8. exd4
dxc4 9. Bxc4 b6 10. Bg5 Bb7 11. Qe2 Nbd7 12. Bd3 Bxc3 13. bxc3 Qc7 14. c4 h6 15.
Bh4 Nh5 16. Qe3 Qf4 17. Bg3 Qxe3 18. fxe3 Nxg3 19. hxg3 Rfd8 20. a4 Rac8 21. a5
Rc7 22. Rfb1 Rdc8 23. Rb4 f6 24. Nd2 Kf7 25. Nb1 e5 26. Nc3 exd4 27. exd4 bxa5
28. Rxa5 a6 29. c5 Nb8 30. Bc4+ Kf8 31. Raa4 Rd8 32. d5 Ba8 33. c6 Bxc6 34. dxc6
Nxc6 35. Nd5 Rcd7 36. Rb6 Ne5 37. Nf4 Rd1+ 38. Kf2 Ng4+ 39. Kf3 Ne5+ 40. Ke2
R1d2+ 41. Ke3 Ng4+ 42. Ke4 R8d4+ 43. Kf5 Ne3+ 44. Kg6 Nxc4 45. Ne6+ Ke7 46. Nxd4
Nxb6 47. Nf5+ Kd7 48. Rxa6 Nc4 49. Ra7+ Kc6 50. Rxg7 Rxg2 51. Kxf6 Nd6 52. Nxh6
Rxg3 1/2-1/2

[Event "European Blitz 2016"]
[Site "Tallinn EST"]
[Date "2016.12.17"]
[Round "12.18"]
[White "Munoz, Miguel"]
[Black "Zubritskiy, Artyom"]
[Result "1-0"]
[WhiteTitle "GM"]
[BlackTitle "IM"]
[WhiteElo "2473"]
[BlackElo "2442"]
[WhiteFideId "3800229"]
[BlackFideId "4181247"]
[EventDate "2016.12.17"]

1. e4 c5 2. g3 d5 3. exd5 Qxd5 4. Nf3 Bg4 5. Be2 Nc6 6. h3 Bf5 7. Nc3 Qd7 8. g4
Bg6 9. d3 Nf6 10. Be3 e6 11. d4 O-O-O 12. dxc5 Qc7 13. Qc1 Nb4 14. O-O Bxc5 15.
Bf4 Qe7 16. a3 Nbd5 17. Nxd5 Nxd5 18. Bg3 h5 19. c4 Nf6 20. g5 Ne4 21. Bh2 Bf5
22. b4 Bd6 23. Bxd6 Rxd6 24. Qe3 Kb8 25. h4 f6 26. Nd4 Rxd4 27. Qxd4 fxg5 28.
Qe5+ Ka8 29. Bf3 Nd2 30. Bg2 Nxf1 31. Rxf1 gxh4 32. c5 h3 33. Bf3 Bg4 34. Be4
Qf6 35. Qc7 Rb8 36. c6 b6 37. Qd6 1-0

[Event "European Blitz 2016"]
[Site "Tallinn EST"]
[Date "2016.12.17"]
[Round "12.19"]
[White "Sarana, Alexey"]
[Black "Kozul, Zdenko"]
[Result "0-1"]
[WhiteTitle "IM"]
[BlackTitle "GM"]
[WhiteElo "2457"]
[BlackElo "2613"]
[WhiteFideId "24133795"]
[BlackFideId "14502879"]
[EventDate "2016.12.17"]

1. d4 Nf6 2. Nf3 g6 3. c4 Bg7 4. g3 c6 5. Bg2 d5 6. Qb3 O-O 7. Nc3 Qb6 8. O-O
Rd8 9. h3 h6 10. Rd1 Be6 11. c5 Qxb3 12. axb3 Na6 13. Ne5 Nc7 14. Bf4 Nfe8 15.
h4 g5 16. hxg5 hxg5 17. Be3 f6 18. Nd3 Bf5 19. f4 g4 20. Bf2 Bxd3 21. Rxd3 f5
22. e3 e6 23. Kf1 Nf6 24. Ke2 Kf7 25. Rdd1 Ne4 26. Rh1 b6 27. cxb6 axb6 28. Na4
Nxf2 29. Kxf2 Rab8 30. Rhc1 c5 31. dxc5 bxc5 32. Rxc5 Ne8 33. Rac1 Rxb3 34. R1c2
Rdb8 35. Rc6 Bf8 36. Ra6 Be7 37. Rcc6 Ng7 38. Bf1 Bf6 39. Ra7+ R8b7 40. Rc7+
Rxc7 41. Rxc7+ Kg6 42. Be2 Bxb2 43. Nc5 Rc3 44. Na6 Rxc7 45. Nxc7 Kf6 46. Nb5
Ke7 47. Bd3 Ne8 48. Ke2 Kd7 49. Kd2 Nf6 50. Kc2 Nh5 51. Kxb2 Nxg3 52. Nd4 Nh1
53. Kc2 Nf2 54. Kd2 Kd6 55. Bf1 Nh1 56. Bg2 Ng3 57. Ne2 Nh5 58. Kd3 Nf6 59. Ng3
Nd7 60. Bf1 Nc5+ 61. Kd2 Ke7 62. Kc3 Kd6 63. Kd4 Nb3+ 64. Kc3 Nc5 65. Bd3 Ke7
66. Bc2 Kd6 67. Kd2 Ke7 68. Ne2 Nb7 69. Nd4 Nd6 70. Ke2 Kf6 71. Bd3 Kf7 72. Nc6
Kf6 73. Ne5 Ke7 74. Kf2 Kf6 75. Kg3 Nb7 76. Kh4 Nd6 77. Kh5 Ke7 78. Nd7 0-1

[Event "European Blitz 2016"]
[Site "Tallinn EST"]
[Date "2016.12.17"]
[Round "12.20"]
[White "Pavlidis, Antonios"]
[Black "Agrest, Evgenij"]
[Result "0-1"]
[WhiteTitle "GM"]
[BlackTitle "GM"]
[WhiteElo "2532"]
[BlackElo "2593"]
[WhiteFideId "4212312"]
[BlackFideId "1705024"]
[EventDate "2016.12.17"]

1. e4 c6 2. d4 d5 3. Nd2 dxe4 4. Nxe4 Bf5 5. Ng3 Bg6 6. h4 h6 7. Nf3 Nd7 8. h5
Bh7 9. Bd3 Bxd3 10. Qxd3 e6 11. Bd2 Ngf6 12. O-O-O Be7 13. Kb1 Qb6 14. c4 Rd8
15. Qe2 O-O 16. Nf1 Ba3 17. Bc3 c5 18. N1d2 Bb4 19. Bxb4 Qxb4 20. g4 cxd4 21.
Nxd4 Nc5 22. N2b3 Nxb3 23. Nxb3 a5 24. f4 a4 25. Nd4 Qc5 26. Nc2 Rfe8 27. Rhg1
Rxd1+ 28. Qxd1 Ne4 29. Re1 f5 30. Na3 Kh8 31. Ka1 Qc7 32. Qxa4 Rd8 33. g5 hxg5
34. fxg5 Nxg5 35. Qc2 Ne4 36. Qg2 Qe5 37. Nb1 Qf6 38. Rg1 Kh7 39. Qe2 Rd4 40.
Rg6 Qe7 41. Qg2 Qd7 42. h6 gxh6 43. Rg8 Qf7 44. Rc8 Rd1 45. Qh2 Nd2 0-1

[Event "European Blitz 2016"]
[Site "Tallinn EST"]
[Date "2016.12.17"]
[Round "12.21"]
[White "Potapov, Pavel"]
[Black "Anton Guijarro, David"]
[Result "0-1"]
[WhiteTitle "GM"]
[BlackTitle "GM"]
[WhiteElo "2493"]
[BlackElo "2650"]
[WhiteFideId "4169786"]
[BlackFideId "2285525"]
[EventDate "2016.12.17"]

1. e4 e5 2. Nf3 Nc6 3. Nc3 Nf6 4. d4 exd4 5. Nxd4 Bb4 6. Nxc6 bxc6 7. Bd3 O-O 8.
O-O Re8 9. Qf3 Bd6 10. h3 Rb8 11. Ne2 Be5 12. Ng3 c5 13. Nh5 Nxh5 14. Qxh5 g6
15. Qf3 d6 16. c3 Qh4 17. Bc4 Be6 18. Bxe6 Rxe6 19. Qg4 Qe7 20. f3 h5 21. Qg5
Qxg5 22. Bxg5 Rxb2 23. c4 Bd4+ 24. Kh1 Kg7 25. a4 Re8 26. Rab1 Reb8 27. Rxb2
Rxb2 28. Bd8 c6 29. Bc7 Ra2 30. a5 Ra4 31. Rc1 Be5 32. Bd8 Kf8 33. Rb1 Rxc4 34.
Bc7 Ra4 35. g4 c4 36. Rb8+ Kg7 37. g5 c3 38. Rb1 c2 0-1

[Event "European Blitz 2016"]
[Site "Tallinn EST"]
[Date "2016.12.17"]
[Round "12.22"]
[White "Monroy, Charles"]
[Black "Jovanovic, Zoran"]
[Result "0-1"]
[WhiteTitle "IM"]
[BlackTitle "GM"]
[WhiteElo "2416"]
[BlackElo "2534"]
[WhiteFideId "621641"]
[BlackFideId "14505320"]
[EventDate "2016.12.17"]

1. Nf3 d6 2. d4 g6 3. c4 Bg7 4. Nc3 e5 5. Bg5 f6 6. Bc1 Nc6 7. d5 Nce7 8. e4 f5
9. Be2 Nf6 10. Ng5 h6 11. Ne6 Bxe6 12. dxe6 Qc8 13. exf5 Nxf5 14. Nd5 c6 15.
Nxf6+ Bxf6 16. Bh5 Rg8 17. Qg4 Ne7 18. Bxh6 gxh5 19. Qxh5+ Ng6 20. Qf5 Ke7 21.
O-O-O Qxe6 22. Qc2 Kd7 23. Qb3 Kc7 24. g3 Ne7 25. Kb1 Nf5 26. Bd2 Nd4 27. Qa4
Qf5+ 0-1

[Event "European Blitz 2016"]
[Site "Tallinn EST"]
[Date "2016.12.17"]
[Round "12.23"]
[White "Loginov, Valery A"]
[Black "Neiksans, Arturs"]
[Result "0-1"]
[WhiteTitle "GM"]
[BlackTitle "GM"]
[WhiteElo "2486"]
[BlackElo "2631"]
[WhiteFideId "4126297"]
[BlackFideId "11601388"]
[EventDate "2016.12.17"]

1. Nf3 Nf6 2. g3 b6 3. Bg2 Bb7 4. O-O e6 5. d3 d5 6. Nbd2 c5 7. c3 Nc6 8. e4 g6
9. Re1 Bg7 10. Qe2 O-O 11. Nf1 e5 12. Ne3 dxe4 13. dxe4 Nxe4 14. Nc4 f5 15. Rd1
Qe7 16. Ne3 Rad8 17. Nd5 Qf7 18. Ng5 Nxg5 19. Bxg5 Rd7 20. h4 e4 21. Ne3 Ne5 22.
Rxd7 Qxd7 23. h5 h6 24. Bf4 g5 25. Bxe5 Bxe5 26. Rd1 Qe6 27. Bf1 f4 28. Qc4 Bc8
29. Qxe6+ Bxe6 30. Bc4 Bxc4 31. Nxc4 Bc7 32. g4 Rf7 33. a4 Kf8 34. Kf1 Ke7 35.
Ke2 Ke6 36. f3 e3 37. b4 cxb4 38. cxb4 Rd7 39. Rxd7 Kxd7 40. Kd3 Ke6 41. Na3 Bd6
42. Nc2 Kd5 43. b5 Bc5 44. Na1 Be7 45. Nb3 Bf6 46. a5 Be7 47. axb6 axb6 48. Nd4
Kc5 49. Nf5 Bf8 50. Nd4 Kb4 51. Ne6 Be7 52. Nc7 Kc5 53. Ke2 Bd6 54. Ne6+ Kxb5
55. Nd4+ Kc4 56. Nf5 Bf8 0-1

[Event "European Blitz 2016"]
[Site "Tallinn EST"]
[Date "2016.12.17"]
[Round "12.24"]
[White "Onischuk, Vladimir"]
[Black "Martinovic, Sasa"]
[Result "1-0"]
[WhiteTitle "GM"]
[BlackTitle "GM"]
[WhiteElo "2601"]
[BlackElo "2550"]
[WhiteFideId "14114038"]
[BlackFideId "14509792"]
[EventDate "2016.12.17"]

1. e4 e6 2. d4 d5 3. Bd3 dxe4 4. Bxe4 Nf6 5. Bf3 c5 6. Ne2 Nc6 7. Be3 Nd5 8.
Bxd5 Qxd5 9. Nbc3 Qxg2 10. Rg1 Qxh2 11. Bf4 Qh5 12. Nb5 Ke7 13. Bd6+ Kf6 14.
dxc5 e5 15. Nc7 Bxd6 16. Qxd6+ Be6 17. Nd5+ 1-0

[Event "European Blitz 2016"]
[Site "Tallinn EST"]
[Date "2016.12.17"]
[Round "12.25"]
[White "Matlakov, Maxim"]
[Black "Novikov, Stanislav"]
[Result "1-0"]
[WhiteTitle "GM"]
[BlackTitle "GM"]
[WhiteElo "2694"]
[BlackElo "2513"]
[WhiteFideId "4168003"]
[BlackFideId "4125371"]
[EventDate "2016.12.17"]

1. Nf3 g6 2. e4 Bg7 3. d4 c6 4. Nc3 b5 5. a3 d6 6. Be2 Qc7 7. O-O Nd7 8. Re1 Bb7
9. Bf1 e5 10. d5 a6 11. a4 bxa4 12. Rxa4 Ngf6 13. dxc6 Bxc6 14. Rxa6 Rxa6 15.
Bxa6 O-O 16. Bb5 Nc5 17. Bxc6 Qxc6 18. Qe2 Rb8 19. h3 Rb4 20. Nd2 Bh6 21. b3
Bxd2 22. Bxd2 Ncxe4 23. Nd5 Rb7 24. Nxf6+ Nxf6 25. Bg5 Nd7 26. Bh6 d5 27. Ra1
Rc7 28. Ra6 Qb7 29. Rd6 Rc8 30. Qg4 Nf8 31. Rxd5 Re8 32. Rd6 Ne6 33. Qh4 Qc7 34.
Rd2 Qc3 35. Qf6 Qc5 36. Rd7 1-0

[Event "European Blitz 2016"]
[Site "Tallinn EST"]
[Date "2016.12.17"]
[Round "12.26"]
[White "Kantans, Toms"]
[Black "Fridman, Daniel"]
[Result "1-0"]
[WhiteTitle "IM"]
[BlackTitle "GM"]
[WhiteElo "2454"]
[BlackElo "2596"]
[WhiteFideId "11602945"]
[BlackFideId "11600454"]
[EventDate "2016.12.17"]

1. e4 e6 2. c4 c5 3. Nc3 g6 4. Nf3 Bg7 5. d4 cxd4 6. Nxd4 a6 7. Be3 Ne7 8. Be2
O-O 9. O-O Nbc6 10. Qd2 f5 11. exf5 Nxf5 12. Nxf5 gxf5 13. f4 b6 14. Bf3 Qc7 15.
Rac1 Rb8 16. Rfd1 Rf7 17. g3 b5 18. cxb5 axb5 19. b4 Kh8 20. a3 d5 21. Ne2 Qd7
22. Nd4 Ne7 23. Nb3 Ng8 24. Bd4 Nf6 25. Be5 Ra8 26. Rc7 Qe8 27. Rdc1 Bd7 28. Qb2
Kg8 29. Nc5 Bc8 30. Rxf7 Qxf7 31. Nb3 Bd7 32. Rc7 Rc8 33. Qc2 Rxc7 34. Qxc7 Ne8
35. Qd8 Bxe5 36. fxe5 Bc6 37. Nd4 Bd7 38. Ne2 Qg7 39. Nf4 Kf8 40. Nh5 Qe7 41.
Qb6 Kf7 42. Kg2 Qg5 43. Nf4 Ng7 44. Qb7 Qe7 45. Be2 Be8 46. Qb8 Qd7 47. Nd3 Qc6
48. Nc5 Ke7 49. Qa7+ Kf8 50. Qb8 Ke7 51. Kf2 Kf8 52. Qd8 Kf7 53. Qf6+ Kg8 54.
Qe7 Qc8 55. h4 h5 56. Ke3 Kh7 57. Kf4 d4 58. Kg5 Bc6 59. Kf6 Qh8 60. Nxe6 1-0

[Event "European Blitz 2016"]
[Site "Tallinn EST"]
[Date "2016.12.17"]
[Round "12.27"]
[White "Pohjala, Henri"]
[Black "Turov, Maxim"]
[Result "1-0"]
[WhiteTitle "FM"]
[BlackTitle "GM"]
[WhiteElo "2382"]
[BlackElo "2594"]
[WhiteFideId "506478"]
[BlackFideId "4120086"]
[EventDate "2016.12.17"]

1. d4 Nf6 2. Bg5 e6 3. Nf3 h6 4. Bf4 c5 5. e3 Nc6 6. c3 d5 7. Nbd2 Bd6 8. Bg3
O-O 9. Bd3 Qe7 10. O-O e5 11. dxc5 Bxc5 12. e4 d4 13. Qe2 dxc3 14. bxc3 Nh5 15.
Nc4 Nxg3 16. hxg3 Bg4 17. Ne3 Bxe3 18. Qxe3 Rfd8 19. Bc4 Be6 20. Bxe6 Qxe6 21.
Qe2 b6 22. Rfd1 Na5 23. Rd5 Rxd5 24. exd5 Qxd5 25. Rd1 Qe6 26. Qxe5 Qxe5 27.
Nxe5 Re8 28. Nf3 Re7 29. Kf1 Rc7 30. Rd3 Nc4 31. Ke2 Kf8 32. Nd2 Nb2 33. Rd8+
Ke7 34. Ra8 Na4 35. c4 Nc3+ 36. Kd3 Nxa2 37. c5 bxc5 38. Kc4 Nb4 39. Ne4 Nc6 40.
Nxc5 Ne5+ 41. Kd5 Ng4 42. Ne4 f5 43. Nd6 Rd7 44. Re8+ Kf6 45. Re6+ Kg5 46. f4+
Kh5 47. Kc6 Rd8 48. Nxf5 Rg8 49. Ne7 Re8 50. Kd7 Nf6+ 51. Rxf6 Rxe7+ 52. Kxe7
gxf6 53. Kxf6 Kg4 54. Ke6 a5 55. f5 a4 56. f6 a3 57. f7 a2 58. f8=Q a1=Q 59.
Qf4+ Kh5 60. Qf5# 1-0